000 00595nam a22001937a 4500
005 20231109120800.0
008 230818b1998 |||||||| |||| 00| 0 eng d
020 _a9552307317
082 _a342.08
_bCHI
245 _aChild rights:
_bthe Sri Lankan experience
260 _aNawala;
_bOpen University of Sri lanka,
_c1998
300 _a ix, 228 p. ; 23 cm.
_bBibliography and index included
650 _aCHILD RIGHTS-Sri Lanka
650 _aHuman rights
700 _aGoonesekere, Savitri W. E.
_eed.
700 _aGunawardena, Chandra
_eed.
700 _aKularatna, N.G.
_eed.
942 _cRP
999 _c3203
_d3203